| 000 | 00469nam a2200157Ia 4500 | ||
|---|---|---|---|
| 003 | GCL | ||
| 008 | 140319s9999 xx 000 0 ara d | ||
| 040 |
_aGCL / _cGCL |
||
| 082 | 0 | 4 |
_a791.43 _bم م |
| 245 | 1 | 0 | _aمحاورات سمير نصرى مع نجوم السينما العربية |
| 300 |
_a160 ص ؛ _c24 سم |
||
| 650 | 0 | 4 | _aالافلام السينمائية |
| 650 | 0 | 4 | _aالانتاج السينمائى |
| 650 | 0 | 4 | _aسمير نصرى |
| 942 |
_2ddc _cBK |
||
| 999 |
_c5334 _d5334 |
||